000 00864nas a2200277 4500
001 BR0604101
003 BR-BrBNA
005 20231205110325.0
007 ta
008 230509b bl.|||p| |||| 00| 00por d
040 _aBR-BrBNA
_bpor
_cBiblioteca Nacional de Agricultura
041 _a(Pt)
072 _aF50
100 1 _aPaiva, É.A.S.
100 1 _aMachado, S.R.
245 1 _aOntogênese, anatomia e ultra-estrutura dos nectários extraflorais de Hymenaea stigonocarpa Mart. ex Hayne (Fabaceae - Caesalpinioideae)
650 _aHYMENAEA
650 _aJATOBÁ
650 _aANATOMIA VEGETAL
650 _aSECREÇÃO
650 _aFOLHA
650 _aMICROSCOPIA
773 0 _tActa Botanica Brasilica (Brazil)
_xISSN 0102-3306
_g(Apr-Jun 2006), v. 20(2) p. 471-482
_wBR0604101
909 _a202311
_bLúcia
_c55
_dLúcia Elande
942 _2AGRIS
_n0
_cANA
999 _c186969
_d186969